| 000 | 01088nam a22002177a 4500 | ||
|---|---|---|---|
| 999 |
_c58034 _d58034 |
||
| 003 | Ge_BSU | ||
| 005 | 20210518141611.0 | ||
| 008 | 210518s2009 ge ||||| |||| 00| 0 geo d | ||
| 020 | _a9789941147142 | ||
| 041 | _ageo | ||
| 080 | _a621.397 / 235 ბ-52 | ||
| 100 |
_aბერიძე, ჯ. _91118 |
||
| 245 |
_aტელეკომუნიკაციური ქსელები : _b ნაწ. 1, (დისკრეტული შეტყობინებების გადაცემა) / _cჯ. ბერიძე ; სტუ. |
||
| 264 |
_aთბილისი : _b[ტექნ. უნ-ტი], _c2009. |
||
| 300 |
_a125 გვ. : _bნახ., ცხრ. _c30 სმ. |
||
| 504 | _a ბიბლიოგრაფია: გვ. 121. | ||
| 653 | _aტელეკომუნიკაციური სისტემები. | ||
| 653 | _aდისკრეტული შეტყობინებები. | ||
| 710 |
_aსაქართველოს ტექნიკური უნივერსიტეტი. _911824 |
||
| 942 |
_2udc _cBK |
||